<?xml version="1.0" encoding="UTF-8"?>
<record
    xmlns:xsi="http://www.w3.org/2001/XMLSchema-instance"
    xsi:schemaLocation="http://www.loc.gov/MARC21/slim http://www.loc.gov/standards/marcxml/schema/MARC21slim.xsd"
    xmlns="http://www.loc.gov/MARC21/slim">

  <leader>02430cam a2200481Ii 4500</leader>
  <controlfield tag="001">10515560</controlfield>
  <controlfield tag="005">20220326193308.0</controlfield>
  <controlfield tag="008">131018s2013    gw a     bc   000 0 por d</controlfield>
  <datafield tag="015" ind1=" " ind2=" ">
    <subfield code="a">GBB377524</subfield>
    <subfield code="2">bnb</subfield>
  </datafield>
  <datafield tag="016" ind1="7" ind2=" ">
    <subfield code="a">016483692</subfield>
    <subfield code="2">Uk</subfield>
  </datafield>
  <datafield tag="020" ind1=" " ind2=" ">
    <subfield code="a">9783775736916 (pbk.)</subfield>
  </datafield>
  <datafield tag="020" ind1=" " ind2=" ">
    <subfield code="a">3775736913 (pbk.)</subfield>
  </datafield>
  <datafield tag="029" ind1="1" ind2=" ">
    <subfield code="a">CHVBK</subfield>
    <subfield code="b">222441593</subfield>
  </datafield>
  <datafield tag="035" ind1=" " ind2=" ">
    <subfield code="a">(OCoLC)ocn857525339</subfield>
  </datafield>
  <datafield tag="035" ind1=" " ind2=" ">
    <subfield code="a">(OCoLC)857525339</subfield>
  </datafield>
  <datafield tag="035" ind1=" " ind2=" ">
    <subfield code="a">(NNC)10515560</subfield>
  </datafield>
  <datafield tag="040" ind1=" " ind2=" ">
    <subfield code="a">UKMGB</subfield>
    <subfield code="b">eng</subfield>
    <subfield code="e">rda</subfield>
    <subfield code="c">UKMGB</subfield>
    <subfield code="d">OCLCO</subfield>
    <subfield code="d">JPG</subfield>
    <subfield code="d">YDXCP</subfield>
  </datafield>
  <datafield tag="041" ind1="0" ind2=" ">
    <subfield code="a">por</subfield>
    <subfield code="a">eng</subfield>
    <subfield code="a">spa</subfield>
    <subfield code="h">eng</subfield>
    <subfield code="h">fre</subfield>
    <subfield code="h">ger</subfield>
    <subfield code="h">spa</subfield>
  </datafield>
  <datafield tag="082" ind1="0" ind2="4">
    <subfield code="a">708</subfield>
    <subfield code="b">L592o</subfield>
  </datafield>
  <datafield tag="100" ind1="1" ind2=" ">
    <subfield code="a">Le Parc, Julio,</subfield>
    <subfield code="d">1928-</subfield>
    <subfield code="9">1839</subfield>
  </datafield>
  <datafield tag="245" ind1="0" ind2="0">
    <subfield code="a">Julio Le Parc :</subfield>
    <subfield code="b">obras cin&#xE9;ticas : obras de Julio Le Parc na Cole&#xE7;&#xE3;o Daros Latinamerica, Casa Daros, Rio de Janeiro, 11 de outubro, 2013-16 de fevereiro, 2014 = Julio Le Parc : kinetic works : works by Julio Le Parc in the Daros Latinamerica Collection, Casa Daros, Rio de Janeiro, October 11, 2013-February 16, 2014 /</subfield>
    <subfield code="c">edited by Daors Latinamerica Collection ; Hans-Michael Herzog, Katrin Steffen ; texts by Alexander Alberro, Bettina Kaufmann, Julio Le Parc, K&#xE4;the Walser ; interview with the artist by Hans-Michael Herzog ; translations, Joana Bergman [and ten others].</subfield>
  </datafield>
  <datafield tag="246" ind1="3" ind2="0">
    <subfield code="a">Obras cin&#xE9;ticas</subfield>
  </datafield>
  <datafield tag="246" ind1="3" ind2="1">
    <subfield code="a">Julio Le Parc :</subfield>
    <subfield code="b">kinetic works : works by Julio Le Parc in the Daros Latinamerica Collection, Casa Daros, Rio de Janeiro, October 11, 2013-February 16, 2014</subfield>
  </datafield>
  <datafield tag="263" ind1=" " ind2=" ">
    <subfield code="a">201310</subfield>
  </datafield>
  <datafield tag="300" ind1=" " ind2=" ">
    <subfield code="a">256 pages :</subfield>
    <subfield code="b">illustrations (chiefly color) ;</subfield>
    <subfield code="c">28 cm</subfield>
  </datafield>
  <datafield tag="500" ind1=" " ind2=" ">
    <subfield code="a">Catalog of an exhibition held at the Casa Daros, Rio de Janeiro, October 11, 2013-February 16, 2014.</subfield>
  </datafield>
  <datafield tag="504" ind1=" " ind2=" ">
    <subfield code="a">Includes bibliographical references.</subfield>
  </datafield>
  <datafield tag="546" ind1=" " ind2=" ">
    <subfield code="a">Text in Portuguese, English and Spanish.</subfield>
  </datafield>
  <datafield tag="600" ind1="1" ind2="0">
    <subfield code="a">Le Parc, Julio,</subfield>
    <subfield code="d">1928-</subfield>
    <subfield code="v">Exhibitions.</subfield>
    <subfield code="9">1840</subfield>
  </datafield>
  <datafield tag="650" ind1=" " ind2="0">
    <subfield code="a">Optical art</subfield>
    <subfield code="y">20th century</subfield>
    <subfield code="v">Exhibitions.</subfield>
    <subfield code="9">1841</subfield>
  </datafield>
  <datafield tag="650" ind1=" " ind2="0">
    <subfield code="a">Kinetic art</subfield>
    <subfield code="y">20th century</subfield>
    <subfield code="v">Exhibitions.</subfield>
    <subfield code="9">1842</subfield>
  </datafield>
  <datafield tag="700" ind1="1" ind2="2">
    <subfield code="a">Le Parc, Julio,</subfield>
    <subfield code="d">1928-</subfield>
    <subfield code="t">Works.</subfield>
    <subfield code="k">Selections.</subfield>
    <subfield code="9">1843</subfield>
  </datafield>
  <datafield tag="700" ind1="1" ind2=" ">
    <subfield code="a">Herzog, Hans-Michael,</subfield>
    <subfield code="d">1956-,</subfield>
    <subfield code="e">editor.</subfield>
    <subfield code="9">1844</subfield>
  </datafield>
  <datafield tag="700" ind1="1" ind2=" ">
    <subfield code="a">Steffen, Katrin,</subfield>
    <subfield code="e">editor.</subfield>
    <subfield code="9">1845</subfield>
  </datafield>
  <datafield tag="700" ind1="1" ind2=" ">
    <subfield code="a">Alberro, Alexander,</subfield>
    <subfield code="e">author.</subfield>
    <subfield code="9">4</subfield>
  </datafield>
  <datafield tag="700" ind1="1" ind2=" ">
    <subfield code="a">Kaufmann, Bettina,</subfield>
    <subfield code="d">1972-,</subfield>
    <subfield code="e">author.</subfield>
    <subfield code="9">1846</subfield>
  </datafield>
  <datafield tag="700" ind1="1" ind2=" ">
    <subfield code="a">Walser, K&#xE4;the,</subfield>
    <subfield code="e">author.</subfield>
    <subfield code="9">1847</subfield>
  </datafield>
  <datafield tag="700" ind1="1" ind2=" ">
    <subfield code="a">Bergman, Joana,</subfield>
    <subfield code="e">translator.</subfield>
    <subfield code="9">1848</subfield>
  </datafield>
  <datafield tag="710" ind1="2" ind2=" ">
    <subfield code="a">Daros-Latinamerica (Art Collection)</subfield>
    <subfield code="9">1849</subfield>
  </datafield>
  <datafield tag="710" ind1="2" ind2=" ">
    <subfield code="a">Casa Daros.</subfield>
    <subfield code="9">1850</subfield>
  </datafield>
  <datafield tag="948" ind1="1" ind2=" ">
    <subfield code="a">20131205</subfield>
    <subfield code="b">c</subfield>
    <subfield code="c">rhg9</subfield>
    <subfield code="d">OSMC</subfield>
  </datafield>
  <datafield tag="999" ind1=" " ind2=" ">
    <subfield code="c">388</subfield>
    <subfield code="d">388</subfield>
  </datafield>
  <datafield tag="952" ind1=" " ind2=" ">
    <subfield code="0">0</subfield>
    <subfield code="1">0</subfield>
    <subfield code="2">ddc</subfield>
    <subfield code="4">0</subfield>
    <subfield code="7">0</subfield>
    <subfield code="a">LV</subfield>
    <subfield code="b">LV</subfield>
    <subfield code="c">Monograf&#xED;as</subfield>
    <subfield code="d">2014-12-08</subfield>
    <subfield code="l">0</subfield>
    <subfield code="o">708 L592o</subfield>
    <subfield code="p">003959</subfield>
    <subfield code="r">2014-12-08 00:00:00</subfield>
    <subfield code="w">2014-12-08</subfield>
    <subfield code="y">01</subfield>
  </datafield>
</record>
